Βιοκλιματικό σχολείο : εκπαιδευτικό πλαίσιο οργάνωσης-υλοποίησης -διαχείρισης : μεταπτυχιακή διατριβή

Αποθηκεύτηκε σε:
Λεπτομέρειες βιβλιογραφικής εγγραφής
Κύριος συγγραφέας: Καρέτσος, Σωτήριος
Συγγραφή απο Οργανισμό/Αρχή: Πανεπιστήμιο Αιγαίου Σχολή Περιβάλλοντος Τμήμα Περιβάλλοντος Θεοφράστειο Πρόγραμμα Μεταπτυχιακών Σπουδών Περιβαλλοντική και Οικολογική Μηχανική
Μορφή: Thesis Βιβλίο
Γλώσσα:Greek
Δημοσίευση: Μυτιλήνη : Πανεπιστήμιο Αιγαίου, Σχολή Περιβάλλοντος, Τμήμα Περιβάλλοντος, 2005
Θέματα:
Ετικέτες: Προσθήκη ετικέτας
Δεν υπάρχουν, Καταχωρήστε ετικέτα πρώτοι!

MARC

LEADER 00000cam a2200000 i 4500
001 1/23213
008 060131s2005 gre d
035 |l 10082361 
040 |a GR-MY-UA  |b gre  |e aacr 
041 0 |a gre 
082 0 |a 721  |2 (22) 
100 1 |a Καρέτσος, Σωτήριος. 
245 1 0 |a Βιοκλιματικό σχολείο :  |b εκπαιδευτικό πλαίσιο οργάνωσης-υλοποίησης -διαχείρισης : μεταπτυχιακή διατριβή /  |c Καρέτσος Σωτήριος 
260 |a Μυτιλήνη :   |b Πανεπιστήμιο Αιγαίου, Σχολή Περιβάλλοντος, Τμήμα Περιβάλλοντος,   |c 2005 
300 |a 226 σ.;  |b πιν., σχ.;  |c 30 εκ. 
502 # # |a Διατριβή (μεταπτυχιακή) – Πανεπιστήμιο Αιγαίου, Λέσβος, 2003. 
504 |a Βιβλιογραφία: σ. 223-226 
650 0 0 |a Architecture and climate. 
650 0 0 |a Architecture and energy conservation. 
650 0 0 |a School facilities  |x Environmental aspects. 
650 0 0 |a Dissertations, Academic  |z Greece. 
710 2 |a Πανεπιστήμιο Αιγαίου  |b Σχολή Περιβάλλοντος  |b Τμήμα Περιβάλλοντος  |b Θεοφράστειο Πρόγραμμα Μεταπτυχιακών Σπουδών Περιβαλλοντική και Οικολογική Μηχανική. 
852 |a INST  |b LESVOS  |c DIATR  |e 20060131  |h 67  |p 005100034456  |q 005100034456  |t MTXE  |y 23 
852 |a INST  |b LESVOS  |c DIATR  |e 20060131  |h 68  |p 005100034435  |q 005100034435  |t MTXE  |y 23 
901 |a BIBL1-2006-1 
909 |a Λ  |b 125386 
909 |a Λ  |b 125387 
924 |a ΚΑΡΕΤΣΟΣ  |b ΣΩΤΗΡΙΟΣ  |y ΛΕΣΒΟΣ  |z 2005-11 
970 |a ΜΑΡΙΝΑΤΟΥ  |b ΜΥΡΣΙΝΗ  |z 2006/01/31